000 00481nam a22001937a 4500
003 MPLRDC
005 20220104192625.0
008 210129b ||||| |||| 00| 0 eng d
020 _a978-957-33-2955-8
082 _a857.9 ZC
100 _a张草
245 _a蜀道难
_c
250 _a初版
260 _a台湾
_b皇冠文化出版有限公司
_c2012
300 _b
490 _a皇冠丛书: 第4278种; JOY: 152
650 _a武侠小说
942 _cBK
_o857.9 ZC
999 _c64799
_d64789